| 000 | 01567cam a22001814a 4500 | ||
|---|---|---|---|
| 005 | 20250605164403.0 | ||
| 008 | 250528s ||||||||||||||||||||||||d | ||
| 035 | _a24675 | ||
| 040 |
_aGR-AtMCL _bgre _dGR-AtMCL _eAACR2 |
||
| 245 | 1 | _aΣημαντική Βοήθεια για τις Επιχειρήσεις οι Νέες Φορολογικές και Ασφαλιστικές Ελαφρύνσεις | |
| 260 |
_bΕμπορικό Και Βιομηχανικό Επιμελητήριο Αθηνών, _c2021 |
||
| 300 | _a64 | ||
| 520 | _aΕπ΄σκεψη του Πρωθυπουργού της Βόρειας Μακεδονίας στο Ε.Β.Ε.Α., Πρόεδρος Ε.Β.Ε.Α.: Το Πρόβλημα της Αγοράς Εργασίας είναι ότι δεν Διαθέτουμε Ισχυρή Παραγωγική Βάση, Εκδήλωση Ε.Β.Ε.Α. και Σ.Ε.Β. για τις Επιχειρηματικές Ευκαιρίες στο Κατάρ και το Κουβέιτ, Μόνιμες Μειώσεις Φόρων για Επιχειρήσεις και Επαγγελματίες, Το Νέο Μοντέλο Εργασίας με Παραδείγματα, Εστίαση: Ξεκίνησαν για την Επιδότηση των Επιχειρήσεων, 'Εξοικονομώ' για Επιχειρήσεις, Οι Λόγοι Αισιοδοξίας για Πετυχημένη Τουριστική Σεζόν Εφέτος. | ||
| 700 | 1 |
_aΜίχαλος Κωνσταντίνος _94319 |
|
| 942 | _cCR | ||
| 999 |
_c9542 _d9542 |
||